Les 10 pays avec le plus haut taux de criminalités - Statistiques

Statistiques générales
  • Ce quiz a été pris 180 fois
  • Le résultat moyen est 4 sur 10
Statistiques - réponses
TOP PAYS % Correct
1 Venezuela
65%
4 Haïti
55%
8 Syrie
52%
6 Honduras
48%
3 Afghanistan
47%
5 Afrique du Sud
47%
9 Yémen
38%
10 Jamaïque
36%
7 Trinité-et-Tobago
10%
2 Papouasie Nouvelle Guinée
7%
Aucun quiz correspondant
Distribution des résultats
% des personnes avec chaque résultat
Percentile par nombre de réponses
Votre historique - résultats
Vous n’avez pas pris ce quiz